[Event "Moscow-ch"]
[Site "Moscow RUS"]
[Date "2001.??.??"]
[Round "9"]
[White "Sambuev, Bator"]
[Black "Yuferov, Sergey"]
[Result "1/2-1/2"]
[WhiteElo "2380"]
[BlackElo "2449"]
[PlyCount "118"]
[EventDate "2001.??.??"]
[EventType "swiss"]
[EventRounds "9"]
[EventCountry "RUS"]
[Source "ChessBase"]
[SourceDate "2001.11.25"]

1. e4 c5 2. Nf3 d6 3. d4 cxd4 4. Nxd4 Nf6 5. Nc3 a6 6. Be2 e5 7. Nf3 h6 8. O-O
Be6 9. h3 Nbd7 10. Re1 Rc8 11. Bf1 Qc7 12. a4 Be7 13. Re3 Qc6 14. b3 O-O 15.
Bb2 Bd8 16. a5 Bc7 17. Nd2 Bb8 18. Bc4 Ba7 19. Rd3 b5 20. Bd5 Qc7 21. Qe2 Nxd5
22. Nxd5 Bxd5 23. Rxd5 Nf6 24. Rd3 Qxc2 25. Ba3 Bd4 26. Re1 Rc3 27. Rf3 Rxf3
28. Nxf3 Qxb3 29. Bxd6 Re8 30. Nxd4 exd4 31. e5 Nd5 32. Qd2 Qc4 33. Re4 Nc3 34.
Rg4 Qe2 35. Rxd4 Qxd2 36. Rxd2 Ne4 37. Rc2 f6 38. Rc6 fxe5 39. Rxa6 Nxd6 40.
Rxd6 Ra8 41. a6 b4 42. Rb6 b3 43. f3 b2 44. Rxb2 Rxa6 45. Rb7 Kh7 46. Re7 Ra5
47. Kf2 Kg6 48. g4 Kf6 49. Rb7 Ra3 50. h4 Rc3 51. Rb6+ Kf7 52. h5 Ra3 53. Rg6
Rb3 54. Kg2 Ra3 55. g5 hxg5 56. Rxg5 Kf6 57. Rg6+ Kf7 58. Rg4 Rd3 59. Kg3 Kf6
1/2-1/2

[Event "RUS-Cup"]
[Site "Tula RUS"]
[Date "2001.??.??"]
[Round "1"]
[White "Rychagov, Andrey"]
[Black "Sambuev, Bator"]
[Result "0-1"]
[WhiteElo "2525"]
[BlackElo "2380"]
[PlyCount "78"]
[EventDate "2001.??.??"]
[EventType "swiss"]
[EventRounds "9"]
[EventCountry "RUS"]
[Source "ChessBase"]
[SourceDate "2001.11.25"]

1. d4 d5 2. c4 c6 3. Nf3 e6 4. Qc2 Nf6 5. Bg5 h6 6. Bh4 dxc4 7. Qxc4 b5 8. Qc2
Bb7 9. e3 Nbd7 10. Nbd2 a6 11. Be2 c5 12. O-O Rc8 13. Qd1 c4 14. Qc2 Qb6 15.
Rfe1 Qc6 16. Bf1 Bb4 17. e4 O-O 18. a3 Ba5 19. Rac1 c3 20. bxc3 Qxc3 21. Qa2
Qxc1 22. Rxc1 Rxc1 23. Nb3 Rfc8 24. Nxc1 Rxc1 25. Qb2 Rc8 26. Bxf6 Nxf6 27. a4
Bc3 28. Qa2 b4 29. e5 Nd5 30. Nd2 Bxd2 31. Qxd2 a5 32. h3 Nc3 33. Bd3 b3 34.
Qb2 Bd5 35. Qa3 Na2 36. Kh2 Nb4 37. Bb1 Rc2 38. Kg3 Ra2 39. Qc1 Nc2 0-1

[Event "RUS-Cup"]
[Site "Tula RUS"]
[Date "2001.??.??"]
[Round "2"]
[White "Sambuev, Bator"]
[Black "Meister, Yakov"]
[Result "1/2-1/2"]
[WhiteElo "2380"]
[BlackElo "2473"]
[PlyCount "102"]
[EventDate "2001.??.??"]
[EventType "swiss"]
[EventRounds "9"]
[EventCountry "RUS"]
[Source "ChessBase"]
[SourceDate "2001.11.25"]

1. d4 e6 2. c4 Bb4+ 3. Bd2 Bxd2+ 4. Qxd2 Nf6 5. Nc3 d6 6. e4 Nbd7 7. f3 e5 8.
Nge2 O-O 9. O-O-O a6 10. g4 b5 11. Ng3 exd4 12. Qxd4 b4 13. Nd5 Nxd5 14. cxd5
Qf6 15. Be2 Qxd4 16. Rxd4 a5 17. Kd2 Nc5 18. Rc1 Re8 19. Nh5 Re7 20. Nf4 Kf8
21. Nd3 Nxd3 22. Bxd3 Ke8 23. g5 Ba6 24. Bxa6 Rxa6 25. Rdc4 Kd8 26. Ke3 Kc8 27.
Kf4 Kb7 28. Kf5 Ra8 29. f4 Rh8 30. a3 bxa3 31. bxa3 h6 32. Ra4 hxg5 33. Rxa5
Rhe8 34. Rb1+ Kc8 35. Ra8+ Kd7 36. Rxe8 Rxe8 37. fxg5 Rh8 38. Rb2 Rh4 39. Rc2
Rh3 40. a4 Ra3 41. h4 Rxa4 42. h5 Ra1 43. Rh2 Rf1+ 44. Kg4 Rg1+ 45. Kf4 f6 46.
g6 Rg5 47. h6 gxh6 48. Rxh6 Kc8 49. Rh8+ Kb7 50. Rg8 Kb6 51. g7 Kb7 1/2-1/2

[Event "RUS-Cup"]
[Site "Tula RUS"]
[Date "2001.??.??"]
[Round "3"]
[White "Eliseev, Alexey"]
[Black "Sambuev, Bator"]
[Result "1/2-1/2"]
[WhiteElo "2454"]
[BlackElo "2380"]
[PlyCount "112"]
[EventDate "2001.??.??"]
[EventType "swiss"]
[EventRounds "9"]
[EventCountry "RUS"]
[Source "ChessBase"]
[SourceDate "2001.11.25"]

1. g3 c5 2. Bg2 g6 3. Nf3 Bg7 4. O-O Nc6 5. d3 Nf6 6. c4 O-O 7. Nc3 b6 8. a3
Bb7 9. Rb1 d5 10. cxd5 Nxd5 11. Nxd5 Qxd5 12. b4 cxb4 13. axb4 Nd4 14. Ne1 Qd7
15. Bxb7 Qxb7 16. Nc2 Nb5 17. Bb2 Rac8 18. Ne3 Bxb2 19. Rxb2 Nd4 20. Qa4 b5 21.
Qa2 Rfd8 22. Ng4 Kg7 23. Ne5 e6 24. e3 Nf3+ 25. Nxf3 Qxf3 26. Rc2 Rxc2 27. Qxc2
h5 28. h4 Qf5 29. Rd1 a6 30. Qe2 Qf6 31. d4 Rc8 32. Ra1 Rc4 33. Qd2 Qe7 34.
Rxa6 Qxb4 35. Qxb4 Rxb4 36. Kg2 Rb2 37. Kf3 Kg8 38. Rb6 Kg7 39. e4 Rb3+ 40. Kf4
Rd3 41. Ke5 Rf3 42. d5 exd5 43. exd5 Rxf2 44. Rxb5 Re2+ 45. Kd6 Re3 46. Kc6 Kf6
47. Rb4 Rc3+ 48. Kd7 Rxg3 49. d6 Rd3 50. Kc7 g5 51. d7 gxh4 52. d8=Q+ Rxd8 53.
Kxd8 Kg5 54. Ke7 h3 55. Kxf7 h2 56. Rb1 Kg4 1/2-1/2

[Event "RUS-Cup"]
[Site "Tula RUS"]
[Date "2001.??.??"]
[Round "5"]
[White "Saulin, Dmitri"]
[Black "Sambuev, Bator"]
[Result "0-1"]
[WhiteElo "2462"]
[BlackElo "2380"]
[PlyCount "118"]
[EventDate "2001.??.??"]
[EventType "swiss"]
[EventRounds "9"]
[EventCountry "RUS"]
[Source "ChessBase"]
[SourceDate "2001.11.25"]

1. e4 e6 2. d4 d5 3. Nd2 Nf6 4. e5 Nfd7 5. Bd3 c5 6. c3 Nc6 7. Ne2 cxd4 8. cxd4
f6 9. exf6 Nxf6 10. O-O Bd6 11. Nf3 Qc7 12. Nc3 a6 13. Bg5 O-O 14. Bh4 Nh5 15.
Rc1 g6 16. Bg3 Nxg3 17. hxg3 Bd7 18. Bb1 Rf6 19. Ne2 Raf8 20. Rc3 Qa5 21. Nc1
Qd8 22. Re3 Qb6 23. Rb3 Qa7 24. Ne2 Na5 25. Rc3 b5 26. b3 Nc6 27. Qc1 Qb6 28.
Qh6 R8f7 29. Re3 Bf8 30. Qh4 h6 31. g4 g5 32. Qh5 Bg7 33. Ne5 Nxe5 34. dxe5
Qxe3 35. exf6 Qxe2 36. Bh7+ Kf8 37. fxg7+ Rxg7 38. Qxh6 Qe5 39. Bd3 Ke7 40. Qh8
Qf6 41. Be2 Rf7 42. Qb8 Qf4 43. Qh8 Rf8 44. Qg7+ Kd6 45. Qb2 b4 46. Bf3 Rf6 47.
Re1 Rh6 48. g3 Qf6 49. Qe2 Bb5 50. Qe3 Qc3 51. a4 Qxe3 52. Rxe3 Bc6 53. Bg2 e5
54. Rf3 Kc5 55. Rf5 Kd4 56. Rxg5 Bxa4 57. Rg8 Bxb3 58. g5 Rb6 59. g6 Bc4 0-1

[Event "RUS-Cup"]
[Site "Tula RUS"]
[Date "2001.??.??"]
[Round "6"]
[White "Sambuev, Bator"]
[Black "Yevseev, Denis"]
[Result "0-1"]
[WhiteElo "2380"]
[BlackElo "2513"]
[PlyCount "72"]
[EventDate "2001.??.??"]
[EventType "swiss"]
[EventRounds "9"]
[EventCountry "RUS"]
[Source "ChessBase"]
[SourceDate "2001.11.25"]

1. Nf3 d5 2. d4 Nf6 3. c4 c6 4. Nc3 e6 5. Bg5 h6 6. Bh4 dxc4 7. e4 g5 8. Bg3 b5
9. Be2 Bb7 10. h4 g4 11. Ne5 Rg8 12. Nxg4 Nbd7 13. e5 Nxg4 14. Bxg4 Qb6 15. a4
a6 16. axb5 cxb5 17. d5 O-O-O 18. Kf1 h5 19. Bxh5 Rxg3 20. fxg3 Nxe5 21. Qe2
Bg7 22. d6 Rxd6 23. Ne4 Rd3 24. Re1 Rb3 25. Bxf7 Nxf7 26. Qh5 Nd8 27. Qc5+ Qxc5
28. Nxc5 Rxb2 29. Nxb7 Kxb7 30. h5 Bh6 31. g4 Nf7 32. Rxe6 c3 33. Re7+ Kb6 34.
Rh3 c2 35. Rc3 b4 36. Rxc2 Rxc2 0-1

[Event "RUS-Cup"]
[Site "Tula RUS"]
[Date "2001.??.??"]
[Round "7"]
[White "Burmakin, Vladimir"]
[Black "Sambuev, Bator"]
[Result "0-1"]
[WhiteElo "2493"]
[BlackElo "2380"]
[PlyCount "144"]
[EventDate "2001.??.??"]
[EventType "swiss"]
[EventRounds "9"]
[EventCountry "RUS"]
[Source "ChessBase"]
[SourceDate "2001.11.25"]

1. d4 d5 2. Nf3 c6 3. c4 e6 4. Qc2 dxc4 5. Qxc4 Nf6 6. Bg5 b5 7. Qc2 Bb7 8.
Bxf6 Qxf6 9. Nbd2 Nd7 10. e3 Qd8 11. Nb3 Qb6 12. Bd3 c5 13. dxc5 Nxc5 14. Nxc5
Bxc5 15. O-O Rc8 16. Qe2 b4 17. Bb5+ Ke7 18. Rfd1 Rhd8 19. Bd3 Bd6 20. Nd2 Bb8
21. Nf1 Be5 22. Rab1 g6 23. h3 h5 24. Nd2 Bb8 25. e4 Qc7 26. Nf3 Qb6 27. Qd2
Rc5 28. Qe2 g5 29. Nh2 Qc7 30. Nf1 h4 31. b3 Qf4 32. Rd2 Be5 33. Rbd1 Bc3 34.
Rc2 Rc7 35. Rcc1 Rcd7 36. g3 hxg3 37. fxg3 Qe5 38. Kh2 Rd4 39. Ne3 Bxe4 40. Nc4
Qd5 41. Bxe4 Qxe4 42. Qxe4 Rxe4 43. Rxd8 Kxd8 44. Rc2 Ke7 45. Kg2 f5 46. Kf3
Kf6 47. a3 Rd4 48. Ne3 Rd3 49. Ke2 Rd7 50. axb4 Bxb4 51. Rc6 Rd2+ 52. Kf3 Rd3
53. Ke2 Rxb3 54. h4 gxh4 55. gxh4 Bf8 56. h5 Bh6 57. Nd5+ Ke5 58. Ne7 Rh3 59.
Ra6 Rxh5 60. Nc6+ Ke4 61. Ra4+ Kd5 62. Nb4+ Kc5 63. Nd3+ Kb6 64. Rb4+ Kc7 65.
Rc4+ Kd6 66. Rd4+ Ke7 67. Nf2 Kf6 68. Ra4 Bf8 69. Nd3 Rh2+ 70. Ke1 Rh3 71. Kd2
Bh6+ 72. Kc2 Be3 0-1

[Event "RUS-Cup"]
[Site "Tula RUS"]
[Date "2001.??.??"]
[Round "8"]
[White "Sambuev, Bator"]
[Black "Loginov, Valery"]
[Result "0-1"]
[WhiteElo "2380"]
[BlackElo "2480"]
[PlyCount "54"]
[EventDate "2001.??.??"]
[EventType "swiss"]
[EventRounds "9"]
[EventCountry "RUS"]
[Source "ChessBase"]
[SourceDate "2001.11.25"]

1. Nf3 Nf6 2. c4 b6 3. g3 Bb7 4. Bg2 e6 5. O-O Be7 6. Nc3 O-O 7. Re1 d5 8. cxd5
exd5 9. d4 Na6 10. Bf4 h6 11. Ne5 c5 12. g4 Nc7 13. dxc5 bxc5 14. h3 Bd6 15. e3
Rb8 16. Nd3 Ne6 17. Bxd6 Qxd6 18. b3 d4 19. exd4 cxd4 20. Na4 Bxg2 21. Kxg2 Nd5
22. Qf3 f5 23. Kh1 Ng5 24. Qg2 fxg4 25. hxg4 Rf3 26. Nac5 Rbf8 27. Re5 Nf4 0-1

[Event "RUS-Cup"]
[Site "Tula RUS"]
[Date "2001.??.??"]
[Round "9"]
[White "Iljushin, Alexei"]
[Black "Sambuev, Bator"]
[Result "1-0"]
[WhiteElo "2495"]
[BlackElo "2380"]
[PlyCount "65"]
[EventDate "2001.??.??"]
[EventType "swiss"]
[EventRounds "9"]
[EventCountry "RUS"]
[Source "ChessBase"]
[SourceDate "2001.11.25"]

1. d4 d5 2. c4 c6 3. Nf3 e6 4. Qc2 dxc4 5. Qxc4 Nf6 6. Bg5 b5 7. Qc2 Bb7 8. e3
Nbd7 9. Be2 Qb6 10. O-O a6 11. a4 Rc8 12. Nc3 h6 13. Bh4 Be7 14. Rfd1 O-O 15.
e4 b4 16. a5 Qa7 17. Na4 c5 18. d5 g5 19. Bg3 exd5 20. exd5 Bxd5 21. h4 g4 22.
Ne5 Nxe5 23. Bxe5 Be6 24. Nb6 Rcd8 25. Bc4 Bxc4 26. Qxc4 Qb7 27. Re1 h5 28. Qf4
Nd7 29. Bh8 Rfe8 30. Rxe7 Rxe7 31. Qg5+ Kf8 32. Qg7+ Ke8 33. Qg8+ 1-0

[Event "Chigorin mem"]
[Site "St Petersburg RUS"]
[Date "2000.11.01"]
[Round "2"]
[White "Burmakin, Vladimir"]
[Black "Sambuev, Bator"]
[Result "1-0"]
[WhiteElo "2538"]
[BlackElo "2377"]
[PlyCount "77"]
[EventDate "2000.10.31"]
[EventType "swiss"]
[EventRounds "9"]
[EventCountry "RUS"]
[Source "Mark Crowther"]
[SourceDate "2000.11.13"]

1. Nf3 c5 2. g3 Nc6 3. Bg2 g6 4. O-O Bg7 5. c4 e6 6. Nc3 Nge7 7. d3 O-O 8. Bf4
d6 9. Qd2 a6 10. Bh6 Bxh6 11. Qxh6 Nf5 12. Qd2 Rb8 13. Rfd1 Nfd4 14. Ne1 Bd7
15. e3 Nf5 16. Nc2 b5 17. b3 Qf6 18. Ne4 Qg7 19. g4 Nh4 20. g5 Ne5 21. Qe2 Nxg2
22. f4 bxc4 23. fxe5 cxd3 24. Qxg2 dxc2 25. Qxc2 Qxe5 26. Nf6+ Kg7 27. Nxd7
Qxe3+ 28. Kh1 Rb4 29. Nxf8 Rg4 30. Nxe6+ fxe6 31. Rf1 Rxg5 32. Qf2 Qe4+ 33. Qf3
Qxf3+ 34. Rxf3 d5 35. Raf1 d4 36. Rf7+ Kh6 37. Re1 Rd5 38. Rxe6 d3 39. Re1 1-0

[Event "Chigorin mem"]
[Site "St Petersburg RUS"]
[Date "2000.11.02"]
[Round "3"]
[White "Sambuev, Bator"]
[Black "Ustinov, Mikhail"]
[Result "1-0"]
[WhiteElo "2377"]
[BlackElo "2172"]
[PlyCount "139"]
[EventDate "2000.10.31"]
[EventType "swiss"]
[EventRounds "9"]
[EventCountry "RUS"]
[Source "Mark Crowther"]
[SourceDate "2000.11.13"]

1. e4 e6 2. Nc3 d5 3. Nf3 Nf6 4. e5 Nfd7 5. d4 c5 6. dxc5 Bxc5 7. Bd3 Nc6 8.
Bf4 Nb4 9. O-O Nxd3 10. cxd3 O-O 11. Rc1 Be7 12. Re1 Nb6 13. Qd2 Bd7 14. Nd4
Na4 15. Nxa4 Bxa4 16. Be3 Bd7 17. Nf3 b6 18. Bg5 Bxg5 19. Nxg5 Rc8 20. Nf3 Qe7
21. b4 Ba4 22. h3 Qb7 23. Nd4 Qa6 24. f4 Bd7 25. g4 Rxc1 26. Rxc1 Rc8 27. Rxc8+
Qxc8 28. Kf2 Kf8 29. Qc2 Qxc2+ 30. Nxc2 a6 31. Ke3 Ke7 32. Kd4 h6 33. Ne3 Ba4
34. f5 g5 35. f6+ Kd7 36. Kc3 Kc7 37. Kb2 Kd7 38. Ka3 Bb5 39. d4 Be2 40. Kb3
Bd3 41. a4 a5 42. bxa5 bxa5 43. Kc3 Be4 44. Kd2 Kc6 45. Ke2 Kd7 46. Kf2 Bb1 47.
Nd1 Bc2 48. Nc3 Bd3 49. Kg3 Kc6 50. h4 Bc2 51. hxg5 hxg5 52. Kf2 Bd3 53. Ke1
Kd7 54. Kd2 Bf1 55. Nd1 Bc4 56. Nf2 Bf1 57. Ke1 Bg2 58. Nd3 Bf3 59. Nc5+ Ke8
60. Nb7 Bxg4 61. Nxa5 Bh5 62. Nb7 Kd7 63. Nd6 Kc7 64. Ne8+ Kb6 65. Ng7 Bg6 66.
Kf2 Ka5 67. Kg3 Kxa4 68. Kg4 Kb5 69. Kxg5 Kc4 70. Nxe6 1-0

[Event "Chigorin mem"]
[Site "St Petersburg RUS"]
[Date "2000.11.05"]
[Round "5"]
[White "Sambuev, Bator"]
[Black "Makarov, Marat"]
[Result "0-1"]
[WhiteElo "2377"]
[BlackElo "2515"]
[PlyCount "80"]
[EventDate "2000.10.31"]
[EventType "swiss"]
[EventRounds "9"]
[EventCountry "RUS"]
[Source "Mark Crowther"]
[SourceDate "2000.11.13"]

1. Nf3 c5 2. c4 Nc6 3. Nc3 e5 4. g3 g6 5. Bg2 Bg7 6. O-O d6 7. a3 a5 8. Ne1 Be6
9. d3 Nge7 10. Nc2 d5 11. cxd5 Nxd5 12. Ne4 b6 13. Ng5 Bc8 14. Ne3 Nde7 15. f4
exf4 16. Qa4 O-O 17. Qxf4 Qd4 18. Kh1 Qxf4 19. gxf4 h6 20. Ne4 Rb8 21. Nd6 Nd4
22. Nxc8 Rfxc8 23. f5 gxf5 24. Nd5 Ng6 25. Bf4 Nxf4 26. Rxf4 Re8 27. e4 fxe4
28. dxe4 Ne6 29. Rg4 Kf8 30. Bf1 b5 31. Rb1 c4 32. a4 Nc5 33. axb5 Nxe4 34. Rg2
Rxb5 35. Bxc4 Rc5 36. Ba2 Re5 37. Rd1 Rf5 38. Kg1 Bd4+ 39. Kh1 Nf2+ 40. Rxf2
Rxf2 0-1

[Event "Chigorin mem"]
[Site "St Petersburg RUS"]
[Date "2000.11.06"]
[Round "6"]
[White "Slavina, Irina"]
[Black "Sambuev, Bator"]
[Result "1-0"]
[WhiteElo "2242"]
[BlackElo "2377"]
[PlyCount "75"]
[EventDate "2000.10.31"]
[EventType "swiss"]
[EventRounds "9"]
[EventCountry "RUS"]
[Source "Mark Crowther"]
[SourceDate "2000.11.13"]

1. d4 Nf6 2. c4 g6 3. Nc3 Bg7 4. e4 O-O 5. f4 d6 6. Nf3 Na6 7. e5 Ne8 8. Be2 c6
9. O-O Nac7 10. h3 d5 11. c5 b5 12. Bd3 f5 13. Ne2 a5 14. Bd2 Ne6 15. Qe1 b4
16. a3 Ba6 17. Bxa6 Rxa6 18. a4 Qc8 19. Kh1 Ra8 20. Nh4 Qa6 21. Rf3 Rf7 22. b3
N8c7 23. Qf2 Raf8 24. Rf1 Ne8 25. g4 fxg4 26. hxg4 g5 27. Nf5 gxf4 28. Bxf4 h5
29. Bd2 Kh7 30. Qh2 Kg8 31. Qf2 Kh7 32. Rh3 Kg8 33. Rxh5 Qd3 34. Qe3 Qxe3 35.
Bxe3 N8c7 36. Kg2 Ne8 37. Rfh1 N8c7 38. Bh6 1-0

[Event "Chigorin mem"]
[Site "St Petersburg RUS"]
[Date "2000.11.08"]
[Round "7"]
[White "Sambuev, Bator"]
[Black "Poliakov, Alexander"]
[Result "1-0"]
[WhiteElo "2377"]
[BlackElo "2270"]
[PlyCount "69"]
[EventDate "2000.10.31"]
[EventType "swiss"]
[EventRounds "9"]
[EventCountry "RUS"]
[Source "Mark Crowther"]
[SourceDate "2000.11.13"]

1. e4 d5 2. exd5 Qxd5 3. d4 c6 4. Nf3 Nf6 5. Be2 Qa5+ 6. Nbd2 Bf5 7. O-O e6 8.
Nc4 Qc7 9. Bg5 h6 10. Bh4 Be7 11. Bg3 Qd8 12. c3 O-O 13. Qb3 b5 14. Ne3 Bh7 15.
a4 bxa4 16. Rxa4 c5 17. Ne5 Nbd7 18. Nc6 Qe8 19. Qa3 Be4 20. Nxe7+ Qxe7 21. Ra5
Rfc8 22. Ba6 Re8 23. dxc5 Nd5 24. Nxd5 Bxd5 25. c4 Bc6 26. b4 e5 27. b5 Be4 28.
c6 Nc5 29. Re1 Rad8 30. f3 Bg6 31. Bf2 Qc7 32. Qxc5 Qxa5 33. c7 Rc8 34. Bxc8
Rxc8 35. Qxa7 1-0

[Event "Chigorin mem"]
[Site "St Petersburg RUS"]
[Date "2000.11.09"]
[Round "8"]
[White "Geller, Jakov"]
[Black "Sambuev, Bator"]
[Result "0-1"]
[WhiteElo "2258"]
[BlackElo "2377"]
[PlyCount "110"]
[EventDate "2000.10.31"]
[EventType "swiss"]
[EventRounds "9"]
[EventCountry "RUS"]
[Source "Mark Crowther"]
[SourceDate "2000.11.13"]

1. e4 e6 2. d3 c5 3. g3 Nc6 4. Bg2 g6 5. f4 Bg7 6. Nf3 Nge7 7. O-O O-O 8. Nc3
d5 9. e5 Rb8 10. Ne2 f6 11. exf6 Bxf6 12. c3 b6 13. Re1 Nf5 14. d4 Ba6 15. g4
Nh4 16. Nxh4 Bxh4 17. Ng3 Qd6 18. dxc5 Qxc5+ 19. Be3 Qd6 20. f5 Rbd8 21. Bh6
Rfe8 22. Qf3 Ne5 23. Qd1 exf5 24. gxf5 Nd3 25. Rxe8+ Rxe8 26. Qa4 Qc5+ 27. Qd4
Qxd4+ 28. cxd4 Bf6 29. Bxd5+ Kh8 30. fxg6 Bxd4+ 31. Kh1 hxg6 32. h4 Bxb2 33.
Rf1 Be5 34. Kh2 Nb4 35. Bf7 Bxf1 36. Bxe8 Nxa2 37. Bxg6 Nc3 38. Be3 Ne2 39. Bf2
b5 40. h5 b4 41. Bc2 Kg7 42. Bd1 a5 43. Bc2 Kf6 44. h6 Kf7 45. Be1 Kf6 46. Bf2
Nxg3 47. Bxg3 Bxg3+ 48. Kxg3 Bb5 49. Kf3 a4 50. Ke3 a3 51. Bb3 Ba4 52. Be6 b3
53. Bxb3 Bxb3 54. Kd2 a2 55. h7 Kg7 0-1

[Event "Chigorin mem"]
[Site "St Petersburg RUS"]
[Date "2000.11.10"]
[Round "9"]
[White "Sambuev, Bator"]
[Black "Yandemirov, Valeri"]
[Result "1-0"]
[WhiteElo "2377"]
[BlackElo "2505"]
[PlyCount "101"]
[EventDate "2000.10.31"]
[EventType "swiss"]
[EventRounds "9"]
[EventCountry "RUS"]
[Source "Mark Crowther"]
[SourceDate "2000.11.13"]

1. Nf3 Nf6 2. c4 g6 3. Nc3 d5 4. cxd5 Nxd5 5. Qa4+ Bd7 6. Qh4 Nxc3 7. dxc3 Nc6
8. Qg3 f6 9. e4 e5 10. Be3 Bd6 11. Nd2 Qe7 12. Nc4 Bc5 13. Be2 Nd8 14. O-O Ne6
15. Rfd1 O-O 16. b4 Bxe3 17. Qxe3 b6 18. a4 Rfd8 19. a5 Be8 20. Nd2 Bf7 21. g3
Rab8 22. h4 Rd6 23. Nf1 Rxd1 24. Bxd1 c5 25. axb6 axb6 26. b5 c4 27. Be2 Nc5
28. Nd2 Nb3 29. Ra3 Qc7 30. Ra4 Na5 31. Nf3 Rd8 32. Nh2 Rd6 33. Ra2 Be8 34. Rb2
Nb3 35. Ng4 Bd7 36. h5 Qc8 37. hxg6 hxg6 38. Qh6 Be8 39. Ne3 Na5 40. Nd5 Qd8
41. Bf1 Bf7 42. f3 Bxd5 43. Qxg6+ Kf8 44. exd5 Qc7 45. Rh2 Qg7 46. Qf5 Rxd5 47.
g4 Rd7 48. Qe6 Nb3 49. Bxc4 Rd1+ 50. Bf1 Nd2 51. Qd6+ 1-0

[Event "Moscow-ch"]
[Site "Moscow RUS"]
[Date "2000.??.??"]
[Round "1"]
[White "Sambuev, Bator"]
[Black "Bocharnikov, Oleg"]
[Result "1-0"]
[WhiteElo "2385"]
[BlackElo "2054"]
[PlyCount "61"]
[EventDate "2000.05.??"]
[EventType "swiss"]
[EventRounds "9"]
[EventCountry "RUS"]
[Source "ChessBase"]
[SourceDate "2000.11.22"]

1. e4 c6 2. d4 d5 3. exd5 cxd5 4. c4 Nf6 5. Nc3 e6 6. Nf3 Nc6 7. c5 b6 8. Bb5
Bd7 9. Bxc6 Bxc6 10. Ne5 Qc8 11. b4 bxc5 12. bxc5 Rb8 13. O-O Be7 14. Bf4 Rb7
15. Qe2 Nd7 16. Nxc6 Qxc6 17. Rab1 O-O 18. Rxb7 Qxb7 19. Rb1 Qc6 20. Qb5 Qxb5
21. Rxb5 Bf6 22. Rb7 Bxd4 23. Rxd7 Bxc3 24. c6 f6 25. Rb7 e5 26. c7 Ba5 27. Bd2
Bb6 28. Bb4 Bxc7 29. Bxf8 Bb6 30. Bxg7 d4 31. Bxf6 1-0

[Event "Moscow-ch"]
[Site "Moscow RUS"]
[Date "2000.??.??"]
[Round "3"]
[White "Sambuev, Bator"]
[Black "Ulko, Jaroslav"]
[Result "1/2-1/2"]
[WhiteElo "2385"]
[BlackElo "2459"]
[PlyCount "59"]
[EventDate "2000.05.??"]
[EventType "swiss"]
[EventRounds "9"]
[EventCountry "RUS"]
[Source "ChessBase"]
[SourceDate "2000.11.22"]

1. Nf3 c5 2. c4 Nc6 3. Nc3 g6 4. g3 Bg7 5. Bg2 e6 6. O-O Nge7 7. d4 cxd4 8. Nb5
d5 9. cxd5 Nxd5 10. Nfxd4 Nxd4 11. Nxd4 O-O 12. Nb3 a5 13. a4 Qe7 14. e4 Nb4
15. Be3 Rd8 16. Qe2 b6 17. Bxb6 Ba6 18. Bxd8 Rxd8 19. Qe3 Bxf1 20. Rxf1 Rd3 21.
Qc5 Qxc5 22. Nxc5 Rd2 23. Bf3 Rc2 24. Nb3 Bxb2 25. Bd1 Rc4 26. Nxa5 Rxe4 27.
Bf3 Rd4 28. Rd1 e5 29. Rxd4 Bxd4 30. Nc6 1/2-1/2

[Event "Moscow-ch"]
[Site "Moscow RUS"]
[Date "2000.??.??"]
[Round "4"]
[White "Shabanov, Yuri"]
[Black "Sambuev, Bator"]
[Result "1/2-1/2"]
[WhiteElo "2477"]
[BlackElo "2385"]
[PlyCount "83"]
[EventDate "2000.05.??"]
[EventType "swiss"]
[EventRounds "9"]
[EventCountry "RUS"]
[Source "ChessBase"]
[SourceDate "2000.11.22"]

1. e4 e6 2. d3 d5 3. Qe2 Nf6 4. Nf3 Be7 5. g3 b6 6. e5 Nfd7 7. Bg2 c5 8. c4 Nc6
9. O-O d4 10. h4 Bb7 11. Re1 h6 12. h5 Qc7 13. Na3 a6 14. Nc2 Rg8 15. Rb1 g6
16. hxg6 Rxg6 17. b4 cxb4 18. Bd2 Rd8 19. Nxb4 Nc5 20. Nxc6 Bxc6 21. Bb4 Na4
22. Bxe7 Nc3 23. Qb2 Qxe7 24. Qxb6 Bxf3 25. Bxf3 Nxb1 26. Rxb1 Rg5 27. Qa5 Kf8
28. Rb7 Rd7 29. Rb8+ Kg7 30. Bc6 Ra7 31. Re8 Qc7 32. Qc5 Qxe5 33. Qxa7 Rxg3+
34. Kf1 Rxd3 35. Qe7 Rd1+ 36. Kg2 Qh5 37. Qf8+ Kf6 38. Qh8+ Kf5 39. Qh7+ Kf6
40. Qh8+ Kf5 41. Qh7+ Kf6 42. Qh8+ 1/2-1/2

[Event "Moscow-ch"]
[Site "Moscow RUS"]
[Date "2000.??.??"]
[Round "5"]
[White "Sambuev, Bator"]
[Black "Saulin, Dmitri"]
[Result "1-0"]
[WhiteElo "2385"]
[BlackElo "2438"]
[PlyCount "61"]
[EventDate "2000.05.??"]
[EventType "swiss"]
[EventRounds "9"]
[EventCountry "RUS"]
[Source "ChessBase"]
[SourceDate "2000.11.22"]

1. d4 Nf6 2. c4 e6 3. Nc3 Bb4 4. Qc2 O-O 5. Nf3 c5 6. dxc5 Na6 7. Bg5 Nxc5 8.
Nd2 h6 9. Bh4 g5 10. Bg3 d5 11. O-O-O Qa5 12. Ndb1 Bd7 13. h4 Nfe4 14. hxg5
Bxc3 15. Nxc3 Nxc3 16. Qxc3 Qxa2 17. Rxh6 d4 18. Rxd4 Nb3+ 19. Kc2 Nxd4+ 20.
Qxd4 Ba4+ 21. Kd2 f6 22. Bd6 Qb1 23. Bxf8 Rxf8 24. Rxf6 Qd1+ 25. Ke3 Qc1+ 26.
Kf3 Qxf1 27. Rxf8+ Kxf8 28. Qf6+ Ke8 29. Qxe6+ Kd8 30. g6 Bc6+ 31. Qxc6 1-0

[Event "Moscow-ch"]
[Site "Moscow RUS"]
[Date "2000.??.??"]
[Round "6"]
[White "Maljutin, Evgeni"]
[Black "Sambuev, Bator"]
[Result "1/2-1/2"]
[WhiteElo "2451"]
[BlackElo "2385"]
[PlyCount "73"]
[EventDate "2000.05.??"]
[EventType "swiss"]
[EventRounds "9"]
[EventCountry "RUS"]
[Source "ChessBase"]
[SourceDate "2000.11.22"]

1. d4 e6 2. Nf3 Nf6 3. c4 b6 4. g3 Ba6 5. b3 b5 6. Bg2 bxc4 7. Ne5 Bb4+ 8. Kf1
c6 9. bxc4 O-O 10. Bf3 d5 11. cxd5 cxd5 12. Kg2 Qb6 13. Ba3 Bxa3 14. Nxa3 Qa5
15. Nac4 Bxc4 16. Nxc4 Qa6 17. Ne5 Rc8 18. Qd3 Qa4 19. Rhb1 Nbd7 20. Nxd7 Nxd7
21. Qb5 Rc4 22. e3 Nb6 23. Bd1 Qa3 24. Rb3 Qa4 25. Qxa4 Rxa4 26. Rb5 Ra3 27.
Rc5 g6 28. Bb3 a5 29. Bd1 Na4 30. Bxa4 Rxa4 31. a3 Rb8 32. Rc3 g5 33. Ra2 Kg7
34. Rac2 Rb7 35. Kf3 Kg6 36. h4 gxh4 37. gxh4 1/2-1/2

[Event "Moscow-ch"]
[Site "Moscow RUS"]
[Date "2000.??.??"]
[Round "7"]
[White "Sambuev, Bator"]
[Black "Kedrov, Valery"]
[Result "1/2-1/2"]
[WhiteElo "2385"]
[BlackElo "2190"]
[PlyCount "129"]
[EventDate "2000.05.??"]
[EventType "swiss"]
[EventRounds "9"]
[EventCountry "RUS"]
[Source "ChessBase"]
[SourceDate "2000.11.22"]

1. Nf3 c5 2. c4 Nc6 3. Nc3 g6 4. e3 Nf6 5. d4 cxd4 6. exd4 d5 7. Bg5 Ne4 8.
cxd5 Nxc3 9. bxc3 Qxd5 10. Be2 Bg7 11. O-O O-O 12. c4 Qd6 13. d5 Ne5 14. Rb1
Nxf3+ 15. Bxf3 b6 16. Re1 Bf6 17. Bd2 Bf5 18. Bb4 Qd8 19. Be4 Bxe4 20. Rxe4 Qd7
21. Qe2 Rfe8 22. g3 Rab8 23. Re1 Rb7 24. Qf3 Kg7 25. Rf4 Qa4 26. c5 bxc5 27.
Bc3 Bd4 28. Bxd4+ cxd4 29. Rxf7+ Kg8 30. d6 Qb4 31. Rexe7 Rbxe7 32. dxe7 Rxe7
33. Rf8+ Kg7 34. Rd8 Qe1+ 35. Kg2 Rf7 36. Qd3 Rxf2+ 37. Kh3 Qe6+ 38. g4 Qe3+
39. Qxe3 dxe3 40. Rd7+ Kf6 41. Rd3 Re2 42. Kg3 Ke5 43. Ra3 Ke4 44. Rxa7 Re1 45.
Re7+ Kd3 46. Rd7+ Ke2 47. Rxh7 Rg1+ 48. Kh4 Rg2 49. Re7 Rxh2+ 50. Kg5 Rg2 51.
a4 Kf3 52. Rf7+ Kg3 53. Re7 e2 54. a5 Kf2 55. a6 e1=Q 56. Rxe1 Kxe1 57. a7 Ra2
58. Kxg6 Ra6+ 59. Kf5 Kf2 60. g5 Kf3 61. g6 Rxa7 62. Kf6 Ra6+ 63. Kf5 Ra5+ 64.
Kf6 Ra6+ 65. Kf5 1/2-1/2